000 00518nam a22001577a 4500
999 _c14923
_d14923
003 OSt
005 20200131151921.0
008 200131b ||||| |||| 00| 0 eng d
040 _c2
082 _aDPer 050 Dec 2015-Mar 2016 T48 v186-187
100 _941451
_aAltman, Alex.
245 _aThe gospel of Ted:
_bWhy Cruz has a chance to win the Republican nomination/
_cAlex Altman.
260 _aNew York:
_bTime Inc.,
_c©Dec 2015-Mar 2016.
300 _av187 n2, page 32-35:
_billustrations;
_c27 cm.
942 _2ddc
_cPER